000 00915nam a22002897a 4500
001 BR9904541
003 BR-BrBNA
005 20230928100528.0
007 ta
008 230509b bl.||||| |||| 00| 0 por d
040 _aBR-BrBNA
_bpor
_cBiblioteca Nacional de Agricultura
041 _a(Por)
072 _aF01
_b1885
090 _ 1885 BR9904541
100 1 _aFelinto, A.S.
110 1 _aEscola Superior de Agricultura Luiz de Queiroz, Piracicaba, SP (Brasil)
_0Tese (Mestre em Ciencias)
245 1 _aCultivo de cogumelos comestiveis do genero Pleurotus spp em residuos agroindustriais
260 3 _aPiracicaba, SP (Brasil):
_c1999.
300 _a78 p.
500 _aSummaries (Eng, Por); 30 ref.; 5 illus.; 17 tables
650 _aCogumelo Comestivel
650 _aVariedade
650 _aPratica Cultural
650 _aResiduo Industrial
909 _a202309
_bLucia
_c55
_dLucia Elande
942 _cBK
999 _c61686
_d61686